|
|
|
|
| LEADER |
00000nab a2200000 4500 |
| 001 |
vtls012159385 |
| 003 |
SK-MaSNL |
| 005 |
20260304233425.0 |
| 008 |
230126|2022 xo |||| ||an ||00 0|slo |
| 015 |
|
|
|a SNBRB2023/01
|
| 040 |
|
|
|a SPKCL
|b slo
|e rda
|
| 041 |
|
|
|a slo
|b slo
|b eng
|
| 044 |
|
|
|a xo
|c SK
|
| 072 |
|
7 |
|a 028
|x Čítanie
|2 konspekt
|
| 080 |
|
|
|a 316.346.33-053.2-056.45
|2 2011
|
| 080 |
|
|
|a 028
|2 2011
|
| 080 |
|
|
|a 616.89-008.47-008.481
|2 2011
|
| 100 |
1 |
|
|a Lukáč, Ľuboš
|4 aut
|9 1197532
|
| 245 |
1 |
0 |
|a Dieťa s dvojakou výnimočnosťou - všeobecným intelektovým nadaním a poruchou pozornosti s hyperaktivitou
|c Ľuboš Lukáč, Bibiána Hlebová
|
| 300 |
|
|
|b Grafy, fotografie, tabuľky
|
| 336 |
|
|
|a text
|b txt
|2 rdacontent
|
| 337 |
|
|
|a bez média
|b n
|2 rdamedia
|
| 338 |
|
|
|a zväzok
|b nc
|2 rdacarrier
|
| 504 |
|
|
|a Obsahuje bibliografiu
|
| 546 |
|
|
|a Anglické a slovenské resumé
|
| 650 |
0 |
7 |
|a talentované deti
|2 SNKPH
|9 68989
|
| 650 |
0 |
7 |
|a čitateľská gramotnosť
|2 SNKPH
|9 69767
|
| 650 |
0 |
7 |
|a výskum
|2 SNKPH
|9 4238
|
| 650 |
0 |
7 |
|a porucha pozornosti spojená s hyperaktivitou
|2 SNKPH
|9 100092
|
| 700 |
1 |
|
|a Hlebová, Bibiána,
|d 1961-
|4 aut
|9 13171
|
| 773 |
0 |
|
|t Psychológia a patopsychológia dieťaťa
|g Roč. 56, č. 2 (2022) s. 125-138
|x 0555-5574
|
| 958 |
|
|
|a NB
|
| 999 |
|
|
|c 3198531
|d 3200461
|